| 000 | 00636nam a2200169 i 4500 | ||
|---|---|---|---|
| 001 | 39972 | ||
| 003 | ES-MaACL | ||
| 005 | 20230906160119.0 | ||
| 007 | t| | ||
| 008 | 030304s1947 sp ||||1| spa d | ||
| 100 | 1 |
_aCarroll-Tobias, J. _935849 |
|
| 245 | 1 | 0 |
_aAerografía artística _b: manual de aerografía para uso de pintores, fotográfos y dibujantes / _cJ. Carroll-Tobias ; versión española de la tercera edición norteamericana por J. Company Bueno. |
| 260 |
_aBarcelona : _bReverté, _c1947 ( _fYuste) |
||
| 300 |
_a167 p., 6 lám. ; _c26 cm. |
||
| 700 | 1 |
_aCompany Bueno, José. _940040 |
|
| 852 |
_aES-MaACL _jC-5217 _bR.25352 |
||
| 999 |
_c39972 _d39972 |
||